Word Ladder: Mitch Hedberg Quiz Stats

 Plays Quiz Updated Jan 4, 2018

Challenge
Share
Tweet
Embed
Score 0/19 Timer 03:00
0 Plays Today
Clue 4-Letter Word % Correct
Call of an owlHOOT
98.1%
Italy's capital cityROME
97.6%
Hair pestsLICE
96.5%
• I like to take a toothpick and throw it in the forest and say 'You're ____ ' •• HOME •
94.5%
A fancy frilly open-weave fabricLACE
92.8%
To entertain guestsHOST
92.8%
A strong cord of strands braided togetherROPE
91.7%
Flexible tube used to carry fluidsHOSE
91.1%
• ____ is great when you're hungry and you want 2,000 of something. •• RICE •
90.7%

• A severed ____ is the ultimate stocking stuffer •
• FOOT •
88.9%
Clue 4-Letter Word % Correct
Fully grown and developedRIPE
86.9%
Golf or shopping, e.g.CART
81.6%
A feeling of concern or worryCARE
80.7%
Small, hard lump of thickened skinWART
77.9%
An inevitable outcome FATE
76.5%
• On a fishing show they catch the fish, but then they let it go. They don't wanna eat the fish, but they do wanna make it ____ for something. •• LATE •
75.6%
• If you have dentures, don't use artificial sweetener, 'cause you'll get a ____ cavity. •• FAKE •
74.9%
• I saw this wino, he was eating grapes. It's like, 'Dude, you have to ____' •• WAIT •
69.3%
•I wanted to buy a candle holder, but the store didn't have one. So I got a ____. •• CAKE •
66.8%

Today's Daily Dose

You're not logged in!

Compare scores with friends on all Sporcle quizzes.
Join for Free
OR
Log In

You Might Also Like...

Show Comments

Extras

Top Quizzes Today


Score Distribution

Your Account Isn't Verified!

In order to create a playlist on Sporcle, you need to verify the email address you used during registration. Go to your Sporcle Settings to finish the process.

Report this User

Report this user for behavior that violates our Community Guidelines.

Details: